Torschützenliste der Premier League 2023-2024 - Statistiken

Allgemein
  • Dieses Quiz wurde 113 mal gespielt
    94 seit der letzten Aktualisierung
  • Das Durchschnittsergebnis liegt bei 9 aus 11
Antwortstatistiken
Tore Nationalität Verein Spieler % Korrekt
27 Norwegen Manchester City Erling Haaland
100%
17 Südkorea Tottenham Hotspur Heung-min Son
95%
18 Ägypten FC Liverpool Mohamed Salah
95%
22 England FC Chelsea Cole Palmer
94%
19 England Manchester City Phil Foden
94%
21 Schweden Newcastle United Alexander Isak
93%
16 England FC Arsenal Bukayo Saka
86%
19 England Aston Villa Ollie Watkins
75%
16 England West Ham United Jarrod Bowen
43%
19 England AFC Bournemouth Dominic Solanke
40%
16 Frankreich Crystal Palace Jean-Philippe Mateta
40%
Keine übereinstimmenden Quizze gefunden
Verteilung der Resultate
Anzahl Personen mit jedem Resultat
Perzentil nach korrekt beantworteten Fragen
Ihre Resultats-Entwicklung
Sie haben dieses Quiz seit der letzten Aktualisierung nicht gespielt